00241nam a2200085Ia 450000100070000000500170000700800410002424500610006526000290012670752720250826162509.0250824s9999 xx 000 0 und d 0aATEŞ HANIMIN ÇÖL DERSLERİcVALERİE WİLDİNG bBEYAZ BALİNA YAYINLARI